Statistics for SAT Words Impossible Click Quiz - L

Click here to take the quiz!

General Stats

  • This quiz has been taken 64 times
  • The average score is 6 of 18

Answer Stats

HintAnswer% Correct
Wash one’s handsLave
60%
Containing latexLaticifer
53%
Opera glasses with a small handleLorgnette
49%
Quarantine station for the contagiousLazaretto
47%
Oscillate before reaching equilibriumLibrate
42%
Extract by soaking or washingLixiviate
42%
Easily understood or clear; lucidLuculent
42%
Blank space; missing sectionLacuna
40%
Awkward, clumsyLubberly
37%
Weariness, fatigueLassitude
35%
Disreputable, shadyLouche
35%
Snug, cozy hiding spotLatibule
33%
Wooden, stiffLigneous
30%
Small freckleLentigo
28%
Tedious section of a bookLongueur
26%
Ambivalent or indifferent to politicsLaodicean
21%
Relating to or living in still waterLentic
12%
Covetous, lustfulLickerish
12%

Score Distribution

Percentile by Number Answered

Percent of People with Each Score

Your Score History

You have not taken this quiz